|
|
|
|
| LEADER |
00000nam a2200000 a 4500 |
| 001 |
vtls001291444 |
| 003 |
SK-MaSNL |
| 005 |
20260301064937.0 |
| 008 |
240226s1803 xo slo |
| 035 |
|
|
|a SNK000243117
|
| 035 |
|
|
|a 880DF23C-B9EC-4C8C-8E72-94C4E57EF9F7
|
| 035 |
|
|
|a urn:nbn:sk:snk-am00ibyt
|
| 040 |
|
|
|a SNKHFA
|b slo
|c SNKHFA
|e AACR2
|
| 041 |
0 |
|
|a slo
|
| 044 |
|
|
|a xo
|c SK
|
| 072 |
|
7 |
|a 27-46/-48
|x Pastorálna teológia
|2 konspekt
|
| 080 |
|
|
|a 27-475.5
|2 2011
|
| 100 |
1 |
|
|a Bernolák, Anton,
|d 1762-1813
|4 aut
|9 108364
|
| 245 |
1 |
|
|a Na Smrť Mnohowelebného Pana Sztocskó Gurka, w Ostrihomském Arcibiskupstwi. Nitránskég Stokici, Nowosamském Dekanském Wideku Suránského Farára, Dňa 26. Listopadu Roku 1797 w Panu usmulého Pohrebná Kázeň,
|c kteru tehož Mesáca Dňa 28ho w Kostele Suranském ustne predpowedelDwogcťihodní Pán Bernolák Szlaniczky Antoň, Nowozamskí Farár, Dekaň, Mestskí Stolní Riditel, a Swatoswatého Umeňá bozkého Učitel
|
| 260 |
|
|
|a WTrnawe
|b witlačená u Jelinek Wáclawa
|c 1803
|
| 300 |
|
|
|a 20 s.
|c 18 cm
|
| 546 |
|
|
|a Predspisovná slovenčina
|b Fraktúra
|
| 610 |
2 |
7 |
|a Rímskokatolícka cirkev
|2 SNKKA
|9 32394
|
| 650 |
0 |
7 |
|a kázne
|2 SNKPH
|9 1954
|
| 700 |
1 |
|
|a Jelínek, Václav,
|d 1731-1823
|4 prt
|9 158461
|
| 752 |
|
|
|a Slovensko
|d Trnava
|
| 852 |
|
|
|a Slovenská národná knižnica
|b Historické fondy
|
| 852 |
|
|
|a snk
|p SD 879/6
|
| 958 |
|
|
|a ONDV
|
| 958 |
|
|
|a DF
|
| 999 |
|
|
|c 628839
|d 630769
|
| 952 |
|
|
|a SNK
|b SNK
|y PREZ
|7 0
|p 17A0074913
|o snkSD 879/6 D1
|i snkF 448/76
|8 5
|z R. 1803
|0 0
|1 0
|4 0
|d 1997-06-20
|l 0
|r 2005-01-02 00:00:00
|w 2026-02-23
|
| 952 |
|
|
|a SNK
|b SNK
|y PREZ
|7 0
|p 17A0862423
|o snkSD 879/6
|i snk674/35
|0 0
|1 0
|4 0
|d 2021-11-04
|f 1
|l 0
|r 2025-10-21 00:00:00
|w 2026-02-23
|